000 00441nam a2200181Ia 4500
005 20250423101616.0
008 250422s9999 xx 000 0 und d
020 _a978- 0- 19- 533612- 2
050 _aP 90 .A32/
100 _aRonald B. Alder
245 0 _aUnderstanding human communication
250 _a10th ed.
260 _bOxford university press
260 _c2009
300 _a403 p
650 _aCommunication
942 _cBK
999 _c36744
_d36744